Zákon z 3. decembra 2003, ktorým sa mení a dopĺňa zákon č. 431/2002 Z. z. o účtovníctve
Znenie zákona č. 230/2003 Z.z., ktorým sa mení a dopĺňa zákon č. 431/2002 Z.z. o účtovníctve. Zákon nadobúda účinnosť od 1.1. 2004 okrem bodov 1, 2 a 6, ktoré nadobúdajú účinnosť 1.1. 2005.
Na minha lista:
| Formato: | Capítulo de Livro |
|---|---|
| Idioma: | eslovaco |
| Assuntos: | |
| Tags: |
Sem tags, seja o primeiro a adicionar uma tag!
|
MARC
| LEADER | 00000naa$a2200000$$$4500 | ||
|---|---|---|---|
| 001 | 0003695 | ||
| 005 | 20230927104742.2 | ||
| 041 | 0 | |a slo | |
| 044 | |a SK | ||
| 245 | 1 | 0 | |a Zákon z 3. decembra 2003, ktorým sa mení a dopĺňa zákon č. 431/2002 Z. z. o účtovníctve |
| 520 | |a Znenie zákona č. 230/2003 Z.z., ktorým sa mení a dopĺňa zákon č. 431/2002 Z.z. o účtovníctve. Zákon nadobúda účinnosť od 1.1. 2004 okrem bodov 1, 2 a 6, ktoré nadobúdajú účinnosť 1.1. 2005. | ||
| 610 | 2 | 0 | |a zákony |
| 610 | 2 | 0 | |a Slovensko |
| 610 | 2 | 0 | |a účtovníctvo |
| 610 | 2 | 0 | |a legislatíva |